مكتبة جامعة عجلون الوطنية

فهرس بحث المكتبة

Normal view MARC view
  • مونرو،جيمس؛ترجمه : ابراهيم السنجلاوي؛يوسف الطراونة

Entry Personal Name

Number of records used in: 1

001 - CONTROL NUMBER

  • control field: 18086

003 - CONTROL NUMBER IDENTIFIER

  • control field: JO-AjAnu

005 - DATE AND TIME OF LATEST TRANSACTION

  • control field: 20230606073201.0

008 - FIXED-LENGTH DATA ELEMENTS

  • fixed length control field: 230606|| aca||aabn | a|a d

040 ## - CATALOGING SOURCE

  • Original cataloging agency: JO-AjAnu
  • Transcribing agency: JO-AjAnu

100 ## - HEADING--PERSONAL NAME

  • Personal name: مونرو،جيمس؛ترجمه : ابراهيم السنجلاوي؛يوسف الطراونة

670 ## - SOURCE DATA FOUND

  • Source citation: Work cat.: (JO-AjAnu)9286: مونرو،جيمس؛ترجمه : ابراهيم السنجلاوي؛يوسف الطراونة, author, النظم الشفوي في شعر ما قبل الاسلام: مشكلة الموثوقية